№ 1 (387); Кабели и провода

Bibliographic Details
Parent link:Кабели и провода: научно-технический журнал/ ООО "Журнал "Кабели и провода". № 1 (387).— , 2003-2016, 2019-
Summary:Режим доступа: по договору с организацией-держателем ресурса
Language:Russian
Published: 2021
Online Access:https://www.elibrary.ru/contents.asp?id=44885145
Format: Electronic Book
KOHA link:https://koha.lib.tpu.ru/cgi-bin/koha/opac-detail.pl?biblionumber=586296

MARC

LEADER 00000nam2a2200000 4500
001 586296
005 20231101131354.0
035 |a (RuTPU)RU\TPU\prd\288818 
035 |a RU\TPU\prd\288433 
090 |a 586296 
100 |a 20210427a20009999k y0rusy50 ca 
101 0 |a rus 
102 |a RU 
181 0 |a i  
182 0 |a b 
200 0 |a № 1 (387)  |b Электронный ресурс 
203 |a Текст  |c электронный 
210 |d 2021 
333 |a Режим доступа: по договору с организацией-держателем ресурса 
461 1 |0 (RuTPU)RU\TPU\prd\15848  |t Кабели и провода  |o научно-технический журнал  |f ООО "Журнал "Кабели и провода"  |v № 1 (387)  |d 2003-2016, 2019- 
801 0 |a RU  |b 63413507  |c 20010227  |g PSBO 
801 1 |a RU  |b 63413507  |c 20170309 
801 2 |a RU  |b 63413507  |c 20210427  |g RCR 
856 4 0 |u https://www.elibrary.ru/contents.asp?id=44885145 
942 |c BK